[Event "40th Trusts Open"]
[Site "Auckland"]
[Date "2017.06.03"]
[Round "1"]
[White "Picken, Oliver"]
[Black "Duneas, John"]
[Result "1-0"]
[WhiteElo "1882"]
[BlackElo "2164"]
[PlyCount "71"]
[EventDate "2017.??.??"]

1. e4 e5 2. Nf3 d6 3. d4 exd4 4. Nxd4 Nf6 5. Nc3 Be7 6. f3 O-O 7. Be3 Nc6 8.
Qd2 Nxd4 9. Bxd4 a6 10. O-O-O b5 11. g4 Be6 12. h4 b4 13. Nd5 Nxd5 14. exd5
Bxd5 15. Bxg7 Bxf3 16. Qh6 Bxh1 17. g5 Be4 18. Bf6 Bxf6 19. gxf6 Qxf6 20. Qxf6
Rfe8 21. Bh3 Re5 22. Rg1+ Bg6 23. h5 Rxh5 24. Qf3 Rxh3 25. Qxa8+ Kg7 26. Qxa6
Rh2 27. Qc4 c5 28. a4 bxa3 29. bxa3 Kf8 30. a4 Ke7 31. a5 Rxc2+ 32. Qxc2 Bxc2
33. Kxc2 Kd7 34. Rg7 Kc6 35. Rxf7 Kb5 36. Rd7 1-0

[Event "40th Trusts Open"]
[Site "Auckland"]
[Date "2017.06.03"]
[Round "2"]
[White "Hague, Ben"]
[Black "Fan, Allen"]
[Result "1-0"]
[WhiteElo "2453"]
[BlackElo "2174"]
[PlyCount "47"]
[EventDate "2017.??.??"]

1. e4 e6 2. d4 d5 3. Nc3 Bb4 4. e5 b6 5. a3 Bf8 6. Nf3 Bb7 7. Bd3 c5 8. dxc5
bxc5 9. O-O Nc6 10. Bg5 Qb8 11. Re1 a6 12. Na4 Qc7 13. c3 h6 14. Be3 c4 15. Bc2
g5 16. b3 cxb3 17. Bxb3 Bg7 18. Bb6 Qb8 19. Bc5 Nxe5 20. Nb6 Nc6 21. Qxd5 Qd8
22. Rxe6+ Nge7 23. Rxe7+ Nxe7 24. Qxf7# 1-0

[Event "40th Trusts Open"]
[Site "Auckland"]
[Date "2017.06.03"]
[Round "2"]
[White "Runcan, Daniel"]
[Black "Ker, Anthony"]
[Result "0-1"]
[WhiteElo "1995"]
[BlackElo "2472"]
[PlyCount "122"]
[EventDate "2017.??.??"]

1. e4 c5 2. Nc3 g6 3. f4 Bg7 4. Nf3 Nc6 5. Bb5 a6 6. Bxc6 bxc6 7. O-O d5 8. d3
Bg4 9. h3 Bxc3 10. hxg4 Bg7 11. Qe1 Rb8 12. f5 Nf6 13. g5 Nd7 14. e5 e6 15. f6
Bf8 16. c4 Qc7 17. g4 h6 18. gxh6 g5 19. b3 Bxh6 20. Bd2 Nf8 21. Kg2 Ng6 22.
Rh1 Kd7 23. Rh2 Rbg8 24. Qe2 Nh4+ 25. Kf2 Rg6 26. Rah1 Rhg8 27. Nxh4 gxh4 28.
Bxh6 Rxh6 29. Rxh4 Rhg6 30. Rh7 Kc8 31. Rh8 Qd8 32. Rxg8 Qxg8 33. Rh4 Kb7 34.
Kf3 Kb6 35. Qh2 Rg5 36. Rh8 Qg6 37. Qh7 Rxg4 38. Qxg6 Rxg6 39. Kf4 Rg2 40. Rh7
Rxa2 41. Rxf7 Rf2+ {Diagram #} 42. Ke3 $4 {Oh no, everything else wins} ({
In particular} 42. Kg5 {Wins easily, White just queens the 'f' pawn and Black
has no time to generate a passed pawn and counterplay, eg} Re2 43. Re7 Rxe5+
44. Kg6 Re3 45. f7 Rg3+ 46. Kf6 Rf3+ 47. Kxe6 Re3+ 48. Kd7 Rf3 49. Ke8) 42...
Rf5 $10 43. Re7 Rxe5+ 44. Kd2 d4 45. Re8 Rf5 46. Rxe6 Kc7 47. Re7+ Kd6 48. Rf7
Ke5 {Diagram #} 49. Ra7 $2 {Now Black gets winning chances. As the Editor can
attest from many painful personal experiences, Ker (and his partner in crime
Dive for that matter) enjoys nothing more than mercilessly erasing the drawing
fantasies of weaker players in apparently equal endings.} (49. Re7+ {
Puts a stop to any funny business} Kxf6 (49... Kd6 50. Rf7) (49... Kf4 $2 50.
Re6) 50. Rc7) 49... Rxf6 50. Rxa6 Rh6 51. Ra8 Rh2+ 52. Kc1 Kf4 53. Re8 Kf3 54.
Re6 $2 (54. Kd1) 54... Re2 {Diagram #} 55. Rxc6 $2 {The final mistake} (55. Rh6
$1 {and White draws using side checks}) 55... Ke3 56. Rxc5 Kxd3 57. Rh5 Kc3 58.
Kd1 d3 59. c5 Rb2 60. Ke1 Rb1+ 61. Kf2 d2 0-1

[Event "40th Trusts Open"]
[Site "Auckland"]
[Date "2017.06.04"]
[Round "3"]
[White "Steadman, Mike"]
[Black "Krstev, Antonio"]
[Result "0-1"]
[WhiteElo "2309"]
[BlackElo "2056"]
[PlyCount "70"]
[EventDate "2017.??.??"]

1. b4 d5 2. Bb2 Nf6 3. e3 a5 4. bxa5 c5 5. Nf3 Nc6 6. Bb5 Rxa5 7. c4 Bg4 8. h3
Bd7 9. Bc3 Ra7 10. O-O e6 11. d4 cxd4 12. Nxd4 Bd6 13. cxd5 exd5 14. Bd3 O-O
15. Nb5 Bb8 16. Nxa7 Bxa7 17. Na3 Bb8 18. Rc1 Qc7 19. g3 Qd6 20. Bxf6 Qxf6 21.
Kg2 Ne5 22. Nc2 Rc8 23. Qe2 Rc3 24. Nb4 Nxd3 25. Nxd3 g6 26. Qb2 d4 27. Rxc3
dxc3 28. Qe2 Bc6+ 29. e4 Qd4 30. f3 Bb5 31. Rd1 Qc4 {Diagram #} 32. Nc1 (32.
Qc2 $1 $10 {holds because} Ba4 {can be met with} 33. Nb2) 32... Qxe2+ 33. Nxe2
Bxe2 34. Rd8+ Kg7 35. Rxb8 Bc4 $1 0-1

[Event "40th Trusts Open"]
[Site "Auckland"]
[Date "2017.06.04"]
[Round "4"]
[White "Dive, Russell"]
[Black "Smith, Bob"]
[Result "1-0"]
[WhiteElo "2426"]
[BlackElo "2348"]
[PlyCount "163"]
[EventDate "2017.??.??"]

1. Nf3 c5 2. c4 g6 3. Nc3 Bg7 4. g3 d6 5. Bg2 Nc6 6. O-O e5 7. Ne1 Be6 8. d3
Nge7 9. Nc2 Rb8 10. a3 O-O 11. b4 e4 {Diagram #} 12. Nxe4 $1 {
One pawn for the exchange} Bxa1 13. Nxa1 f5 14. Ng5 Bd7 15. Bf4 Nc8 16. bxc5 {
Two pawns} h6 17. Nf3 g5 18. Bxd6 Nxd6 19. cxd6 {Diagram #Three pawns} Qa5 20.
d4 Qxa3 21. c5 Rbe8 22. Nc2 Qc3 23. e3 f4 24. exf4 gxf4 25. Nh4 Kg7 26. Qb1 f3
$1 {Fighting back} 27. Nxf3 Rxf3 28. Bxf3 Qxf3 29. Qxb7 {Diagram #What a
fantastic position. Computers try to take the fun out of chess by somehow
evaluating it as 0.00 but for humans it doesn't get any better than fighting
out something like this.} Ne5 30. d5 Qc3 31. c6 Rd8 32. cxd7 Rxd7 {Diagram #}
33. Qb4 $1 {Winning back his piece and remaining pawns up. Smith fights hard,
but the result is no longer in doubt.} Qxb4 (33... Qxc2 34. Qd4 {
pins and wins the knight}) 34. Nxb4 Rxd6 35. Ra1 Rd7 36. Ra6 Nc4 37. Nc6 Rxd5
38. Rxa7+ Kf6 39. Rh7 h5 40. h4 Rc5 41. Nd4 Kg6 42. Rd7 Ne5 43. Rd6+ Kf7 44.
Kg2 Ng4 45. f3 Nf6 46. Kf2 Ra5 47. Rc6 Ra4 48. Nc2 Ra7 49. Ne3 Ra4 50. Rc4 Ra2+
51. Rc2 Ra4 52. Kg2 Ra3 53. Re2 Ra4 54. Kh3 Ra3 55. Kg2 Ra4 56. Nf5 Ra6 57. Nd4
Rd6 58. Nc2 Ra6 59. Kf2 Ra4 60. Ne3 Rd4 61. Ng2 Nd5 62. Re5 Rd2+ 63. Kg1 Nf6
64. Nf4 Ra2 65. Nxh5 Nd7 66. Rb5 Ke6 67. Nf4+ Kd6 68. Rd5+ Kc6 69. h5 Nc5 70.
Re5 Nd7 71. Re2 Ra1+ 72. Kg2 Ra4 73. Ng6 Ra5 74. g4 Kd6 75. Kg3 Nf6 76. Ne7 Kd7
77. Kh4 Ra3 78. Ng6 Kd8 79. f4 Ra1 80. Kg5 Ng8 81. f5 Rg1 82. Nh8 1-0

[Event "40th Trusts Open"]
[Site "Auckland"]
[Date "2017.06.04"]
[Round "4"]
[White "McLaren, Leonard"]
[Black "Gong, Daniel"]
[Result "0-1"]
[WhiteElo "2348"]
[BlackElo "2325"]
[PlyCount "148"]
[EventDate "2017.??.??"]

1. e4 c5 2. c3 d5 3. exd5 Qxd5 4. d4 Nc6 5. Be3 Bf5 6. Nf3 cxd4 7. cxd4 Bxb1 8.
Qxb1 e5 9. dxe5 Bb4+ 10. Bd2 Bxd2+ 11. Nxd2 Rd8 12. Nb3 Qxe5+ 13. Be2 Nge7 14.
Qc2 {Diagram #} Nb4 $1 {Black wins a pawn, and the remainder of the game is a
very impressive conversion} 15. Qc4 Nd3+ 16. Kf1 Nxb2 17. Qb5+ Qxb5 18. Bxb5+
Kf8 19. Ke2 Nd5 20. Rhc1 a6 21. Rab1 axb5 22. Rxb2 b4 23. Kf3 Ke7 24. Rd2 Nc3
25. a3 Rxd2 26. Nxd2 Rd8 27. axb4 Rd3+ 28. Kg4 Rxd2 29. Rxc3 Rd4+ 30. Kf5 g6+
31. Ke5 Rxb4 32. Rc7+ Kf8 {Diagram # I am not sure whether Black should be
expecting to win this, given that White's king is more active and his rook is
going to get behind the passed pawn. It's a bit above the Editor's pay grade
and chess skill level. Suffice it to say Daniel makes it look routine.} 33. g3
Kg7 34. h4 h5 35. Rd7 Rb2 36. f3 b6 37. Rb7 Rb3 38. Kf4 Kf6 39. g4 Rb4+ 40. Kg3
Ke6 41. Rb8 Rb3 42. gxh5 gxh5 43. Rh8 Rb5 44. Rh6+ f6 45. Kf4 Rf5+ 46. Ke4 Rc5
47. Kf4 b5 48. Rh7 b4 49. Rb7 Rc4+ 50. Kg3 f5 51. Rb5 Kf6 52. f4 Rc3+ 53. Kg2
b3 54. Rb6+ Ke7 55. Rb5 Rc2+ 56. Kf3 b2 57. Ke3 Kd6 58. Kd4 Rd2+ 59. Kc3 Rf2
60. Kd3 Kc6 61. Rb8 Kc5 62. Ke3 Rh2 63. Rc8+ Kd5 64. Rd8+ Kc4 65. Rc8+ Kb3 66.
Rb8+ Kc2 67. Rc8+ Kd1 68. Rb8 Kc1 69. Kd4 b1=Q 70. Rxb1+ Kxb1 71. Ke5 Rxh4 72.
Kxf5 Rg4 73. Ke5 h4 74. f5 Rg1 0-1

[Event "40th Trusts Open"]
[Site "Auckland"]
[Date "2017.06.04"]
[Round "4"]
[White "Hague, Ben"]
[Black "Picken, Oliver"]
[Result "1-0"]
[WhiteElo "2453"]
[BlackElo "1882"]
[PlyCount "53"]
[EventDate "2017.??.??"]

1. e4 c5 2. Nf3 d6 3. d4 cxd4 4. Nxd4 Nf6 5. Nc3 g6 6. Be2 a6 7. O-O b5 8. Re1
Bb7 9. Bf3 Nbd7 10. a4 b4 11. Nd5 Nxd5 12. exd5 Ne5 13. Nc6 Bxc6 14. dxc6 Nxf3+
15. Qxf3 Qc7 16. Bg5 Rc8 17. Re2 {Diagram #} Qxc6 $2 18. Qf6 Rc7 19. Qxh8 Qc4
20. Rae1 e6 21. Bh6 Rc5 22. Qxf8+ Kd7 23. Qxf7+ Kc6 24. Qe8+ Kb6 25. Be3 Ka5
26. Bxc5 dxc5 27. Qd8+ 1-0

[Event "40th Trusts Open"]
[Site "Auckland"]
[Date "2017.06.05"]
[Round "5"]
[White "Hague, Ben"]
[Black "Dive, Russell"]
[Result "1-0"]
[WhiteElo "2453"]
[BlackElo "2426"]
[PlyCount "39"]
[EventDate "2017.??.??"]

1. e4 e5 2. Nf3 Nf6 3. Nxe5 d6 4. Nf3 Nxe4 5. Nc3 Nxc3 6. dxc3 Be7 7. Be3 Nd7
8. Qd2 O-O 9. O-O-O Nc5 10. Kb1 c6 11. Nd4 Ne4 12. Qe1 Re8 13. f3 {Diagram #}
Bg5 $4 14. fxe4 Rxe4 15. Bxg5 Rxe1 16. Rxe1 f6 17. Bf4 d5 18. Bd3 Bd7 19. Ne6
Qa5 20. Nxg7 1-0

[Event "40th Trusts Open"]
[Site "Auckland"]
[Date "2017.06.05"]
[Round "5"]
[White "Ker, Anthony"]
[Black "Gong, Daniel"]
[Result "0-1"]
[WhiteElo "2472"]
[BlackElo "2325"]
[PlyCount "121"]
[EventDate "2017.??.??"]

1. e4 c5 2. c3 d5 3. exd5 Qxd5 4. d4 Nc6 5. Nf3 Bf5 6. Be3 cxd4 7. Nxd4 Nxd4 8.
Qxd4 Qxd4 9. Bxd4 Nf6 10. Nd2 a6 11. Nc4 e6 12. O-O-O Be7 13. Bxf6 gxf6 14.
Nd6+ Bxd6 15. Rxd6 Ke7 16. Rd2 Rhg8 17. Be2 Rad8 18. Bf3 Rxd2 19. Kxd2 e5 20.
Ke3 b6 21. g3 Be6 22. b3 Rc8 23. Rc1 a5 24. c4 f5 25. Be2 Kd6 26. Kd2 f6 27.
Rd1 Ke7 28. Ke3 h6 29. Rd2 Rc7 30. Bf3 Rc5 31. Bb7 b5 32. Ba6 bxc4 33. Bxc4
Bxc4 34. Rc2 Kd6 35. Rxc4 Rxc4 36. bxc4 Kc5 37. Kd3 Kb4 38. a3+ Kc5 39. Kc3 {
Diagram #} h5 $2 {This loses, whereas} ({each of} 39... Kc6) ({and} 39... Kd6)
({and} 39... Kb6 {draws. The problem is that White can now sacrifice a pawn to
force a distant second passed pawn with h4, f3, then g4, a manoeuvre that is
not available with the h pawn further back. Maybe this is a reflection of the
endgame principles of not rushing and not making unnecessary pawn moves.
Although I think Bob is a bit harsh in the main report when he suggests Daniel
needs to work on the endgame, if that comment is based on this alone (see the
McLaren endgame earlier for example). Black doesn't have to worry about White
going after the 'a' pawn} 40. Kb3 Kc5 41. Ka4 $2 Kxc4 42. Kxa5 Kd3 43. a4 e4
44. Kb6 Ke2 45. a5 Kxf2 46. a6 e3 {
and White gains nothing from Queening first and is in fact seriously worse.})
40. Kd3 Kd6 41. f3 Kc6 42. h4 Kd6 43. g4 e4+ 44. Ke3 fxg4 45. fxg4 hxg4 46. h5
f5 47. h6 g3 48. h7 f4+ 49. Ke2 f3+ 50. Kf1 g2+ 51. Kg1 Kc5 52. h8=Q Kxc4 53.
Qe5 Kd3 54. Qd5+ Ke3 55. Qxa5 Ke2 56. Qb5+ Ke3 57. a4 Kf4 58. a5 Kg3 59. Qg5+
Kh3 60. Kf2 e3+ 61. Kxf3 0-1

[Event "40th Trusts Open"]
[Site "Auckland"]
[Date "2017.06.05"]
[Round "6"]
[White "Smith, Bob"]
[Black "Fan, Allen"]
[Result "1-0"]
[WhiteElo "2348"]
[BlackElo "2174"]
[PlyCount "115"]
[EventDate "2017.??.??"]

1. e4 d6 2. d4 Nf6 3. Nc3 c6 4. a4 a5 5. Nf3 Bg4 6. Be3 d5 7. e5 Nfd7 8. h3
Bxf3 9. Qxf3 e6 10. Qg3 Na6 11. Be2 Nb4 12. Rc1 Nb6 13. O-O Nc8 14. Nb1 Ne7 15.
c3 Nf5 16. Qf4 Na6 17. Bd3 g6 18. g4 Bh6 19. Qf3 Nh4 20. Qg3 Bxe3 21. fxe3 Qg5
22. Qf4 Qxf4 23. exf4 Nc7 24. Nd2 Ke7 25. Kf2 h6 26. Kg3 g5 27. f5 Rhf8 28.
Rce1 Rad8 29. b4 axb4 30. cxb4 Ra8 31. a5 Rfb8 32. Rc1 Na6 33. Bxa6 Rxa6 34.
Nb3 Raa8 {Diagram #} 35. fxe6 $1 fxe6 36. Rf6 Rf8 37. Rcf1 Ng6 38. Rxf8 Rxf8
39. Rxf8 Kxf8 40. Nc5 $1 {Diagram # The point, this is simply game over} Nf4
41. Kf3 Ke7 42. Nxb7 Kd7 43. Nc5+ Kc7 44. h4 Kc8 45. h5 Kc7 46. Ke3 Ng2+ 47.
Kd2 Nf4 48. Nd3 Nxd3 49. Kxd3 Kb7 50. Kc3 Ka6 51. Kb3 Kb7 52. Ka4 Ka6 53. b5+
cxb5+ 54. Kb4 Ka7 55. Kxb5 Kb7 56. Kc5 Ka6 57. Kd6 Kxa5 58. Kxe6 1-0

[Event "40th Trusts Open"]
[Site "Auckland"]
[Date "2017.06.05"]
[Round "6"]
[White "Dive, Russell"]
[Black "McLaren, Leonard"]
[Result "1-0"]
[WhiteElo "2426"]
[BlackElo "2348"]
[PlyCount "221"]
[EventDate "2017.??.??"]

1. Nf3 Nf6 2. c4 b6 3. g3 Bb7 4. Bg2 c5 5. O-O g6 6. Nc3 Bg7 7. Re1 d6 8. e4 e5
9. d3 O-O 10. Nh4 Nc6 11. Bh3 Nd4 12. a3 Bc8 13. Bg2 h6 14. b4 g5 15. Nf3 Bg4
16. Be3 Qd7 17. Rb1 Nh7 18. Bxd4 cxd4 19. Nd5 Nf6 20. Nxf6+ Bxf6 21. Qc2 Rac8
22. Nd2 Be6 23. a4 h5 24. Qd1 Kg7 25. b5 h4 26. Ra1 Rh8 27. Qe2 Rh6 28. f3 hxg3
29. hxg3 Rch8 30. g4 Bd8 31. Nf1 Qe8 32. Ng3 Qg8 33. Kf2 Kf8 34. Rh1 Rxh1 35.
Rxh1 Rxh1 36. Bxh1 Qh8 37. Kg1 Qh4 38. Qf2 Be7 39. Bg2 Bc8 40. Bf1 Bd7 41. Be2
Qh3 42. Bf1 Qh4 43. Kg2 Bd8 44. Be2 Qh6 45. Bd1 Qf6 46. Ne2 Bc7 47. Qe1 Qd8 48.
Qd2 Qf6 49. Nc1 Qf4 50. Nb3 Bc8 51. Qxf4 gxf4 52. Na1 Ke8 53. Nc2 Bd8 54. Kh3
Kd7 55. Nb4 Bb7 56. Bb3 Be7 57. Nc2 Ke8 58. Ba2 Bc8 59. Kg2 Bb7 60. Kf2 Bh4+
61. Ke2 Be7 62. Kd2 Bh4 63. Kc1 Bf2 64. Kd1 Ke7 65. Bb3 Be3 66. Na1 Bc8 67. Bc2
Kd8 68. Nb3 Kc7 69. Ke1 a5 70. Bd1 Be6 71. Be2 f6 72. Bf1 Bd7 73. Bh3 Bc8 74.
Kf1 Kd8 75. Kg2 Bb7 76. g5 fxg5 77. Bf5 Ke7 78. Kh3 Bf2 79. Kg4 Bh4 80. Kh5 Kf6
81. Nd2 Be1 82. Nf1 Bg3 83. Bd7 Ke7 84. Bh3 Kf6 85. Kh6 Bh4 86. Kh7 Kf7 87. Nh2
Be1 88. Ng4 Ba8 89. Nh6+ Kf6 90. Ng8+ Kf7 91. Bg4 Bb7 92. Nh6+ Kf6 93. Kg8 Bb4
94. Nf7 Ba3 95. Nd8 Ba8 96. Ne6 {Diagram #} Bxe4 $2 97. fxe4 f3 98. Ng7 {
Sadly for Black, who was probably completely exhausted, the journeyNe6-g7-h5-g3
comes just in time because there's a check along the way.} f2 99. Nh5+ Kg6 100.
Ng3 Bc1 101. Bf5+ Kf6 102. Kh7 Bd2 103. Kh6 g4+ 104. Kh5 Bf4 105. Nf1 g3 106.
Bh3 Kg7 107. Kg4 Kf6 108. Nxg3 Bxg3 109. Kxg3 Kg5 110. Kxf2 Kf4 111. Bd7 1-0

[Event "40th Trusts Open"]
[Site "Auckland"]
[Date "2017.06.05"]
[Round "6"]
[White "Duneas, John"]
[Black "Steadman, Mike"]
[Result "1-0"]
[WhiteElo "2164"]
[BlackElo "2309"]
[PlyCount "35"]
[EventDate "2017.??.??"]

1. d4 d6 2. e4 g6 3. c4 Bg7 4. Nc3 Nc6 5. Be3 e5 6. dxe5 Nxe5 7. c5 dxc5 8.
Qxd8+ Kxd8 9. Bxc5 c6 10. O-O-O+ {Diagram #} Bd7 $2 {In these kinds of
positions Black normally wants c7 for his king, but the strong bishop on c5
makes that impossible. Black needed to hold his nose and play Ke8, it's very
ugly, but it's a better chance of getting out of the opening alive.} 11. f4 Ng4
12. Be2 h5 13. h3 N4h6 14. g4 hxg4 15. hxg4 f6 16. g5 fxg5 17. fxg5 Nf7 18.
Rxh8 {Diagram #Mike has a talent for making the Editor work by resigning
before the smoke clears. Top players never think of the fans who want to see
the fatal blow land!} (18. Rxh8 Bxh8 19. Bg4 Ne5 20. Be6 Ne7 21. Bd6 $1 Bxe6
22. Bxe5+ Ke8 23. Bxh8 {
Finally secures the piece that's been on the brink since move 10}) 1-0

[Event "XXIV Rus-ch Teams Premier"]
[Site "Sochi"]
[Date "2017.05.06"]
[Round "?"]
[White "Evgeniy Najer"]
[Black "Shakhriyar Mamedyarov"]
[Result "0-1"]
[WhiteElo "2679"]
[BlackElo "2772"]
[PlyCount "66"]
[EventDate "2017.??.??"]

{At the time of writing this column Shak Mamedyarov is perhaps the form player
of the world's top echelon - threatening to break through the 2800 barrier on
the live rating list (Ed: That barrier has subsequently been breached). He has
just recently claimed first prize in the strong Gashimov Memorial event in
Azerbaijan, ahead of Kramnik and So amongst others, and scored 4/4 for the
winning Siberian Team in the Russian Teams Event in Sochi. So it is
appropriate that I present one of his games. But to be honest it is no great
burden. Mamedyarov is one of the most dynamic and entertaining players in the
word and his games are frequently full of energy and tactical mazes. It was
also very easy to pick his recent game from the Sochi event against Evgeniy
Najer, another no nonsense player.} 1. d4 Nf6 2. c4 g6 3. f3 c5 4. d5 Bg7 5. e4
d6 6. Nc3 O-O 7. Bg5 h6 8. Be3 e6 {The opening is a King's Indian Saemisch of
course, but Mamedyarov now effectively converts it to a Modern Benoni - an
opening for which I have considerable affection. In the past the Benoni
featured often in the repertoires of tactical wizards such as Tal, Kasparov
and Nunn, but in recent years the Benoni has fallen away as an opening choice
of the top players in the world. I am pleased to say it seems to be creeping
back into fashion and often with some success. I would have thought the
opening would suit Mamedyarov down to the ground.} 9. Qd2 exd5 10. cxd5 {
Diagram #It is interesting to compare the characteristics of the different
white structures against the Benoni. The opening has a number of key themes.
Black has potential play on both sides of the board, looking to play b5 to
mobilise his queenside majority or, amazingly, h5, g5 or f5 to generate
activity on the kingside. White on the other hand has one primary goal and
that is to break through the centre with the e5 advance. For this reason I
find the f3 structures against the Benoni somewhat static for White.} Nh7 {
It is moves like this that make the Benoni such a rich opening. The move has
two clear goals, one is to indirectly protect the h6 pawn through the queen
check on h4, and the second is to free the 'f' pawn to attack the White
strongpoint at e4. But you have to say it probably isn't the first move to
come to mind!} 11. Bd3 Nd7 {Where would you choose to place White's king's
knight? There are two options, develop it rapidly to e2 or take an extra tempo
and end up with the beast on f2. To be honest I'm not crazy about either of
these squares. The knight belongs on f3 to support the e5 break in my book,
but that option is lost in this Saemisch structure.} 12. Nh3 Ne5 13. Nf2 f5 {
Black begins his kingside activity. His goal is to grab black square control
if he can by advancing his f pawn to f4, thus consolidating the beautiful
outpost on e5.} 14. Be2 g5 15. exf5 Bxf5 {Now things get exciting. White has
lost his strategic plan of breaking in the centre but Black has loosened his
kingside and White tries to capitalise on this immediately.} 16. h4 b5 $5 {
Diagram #And how does Black respond? In an apparently random way, by kicking
out on the opposite side of the board. But there is method in his madness.
Black is happy to sacrifice a pawn in order to open operations on the 'b' file.
White's king is safe enough for now but neither the kingside or queenside look
particularly inviting.} 17. hxg5 hxg5 18. Nxb5 Rb8 19. Nc3 {The engine reckons
that White is significantly better here but the point from Black's perspective
is that he has dynamic play all over the board and with that comes plenty of
opportunity to muddy the waters.} Qe8 20. Rc1 c4 21. O-O {The engine is more
enthusiastic about grabbing the 'a' pawn as well, but understandably White is
more interested in giving his king some security. Strangely it is probably
less safe on the kingside than in the centre.} Qh5 {Diagram #} 22. g4 $2 {
We reach the critical position. Najer must have relied on this response to the
queen sortie when choosing to castle.} ({A possible alternative} 22. f4 Qh4 23.
fxe5 Bxe5 {also gives Black plenty of play. Not to belabour the point, but the
knight on f2 does a particularly poor defensive job.}) 22... Qh4 23. Kg2 (23.
gxf5 $4 Qg3+ 24. Kh1 Rf6 {is a disaster for White, but White has a more
devious plan - to trap the Black queen.}) 23... Nxf3 $1 {This is the move that
Najer must have missed. It destroys White's kingside defensive screen.} 24.
Bxf3 {There is nothing else} ({both} 24. gxf5 Qh2+ 25. Kxf3 Rxf5+ $19) ({and} 
24. Rh1 Nxd2 25. Rxh4 gxh4 $19 {are losing for White.}) 24... Be5 25. Rh1 Qg3+
26. Kf1 Bd3+ $1 ({Not} 26... Qxf3 27. gxf5 Rxf5 28. Rg1 {
when Black's initiative dissipates.}) 27. Be2 Rxb2 $1 {Excellent! The latent
potential along the 'b' file allows Black to break through White's fortress.
As these tactics develop it almost looks as if the position has been
artificially created so that all Black's pieces (except the knight on h7) are
perfectly placed for every tactic.} 28. Qxb2 Qxe3 29. Bxd3 (29. Ncd1 $2 Rxf2+
30. Nxf2 Bxb2 {is even worse.}) 29... cxd3 {Diagram #Black is a rook down and
many pieces have been exchanged but his initiative roars on. The threat of
d3-d2 is overwhelming} 30. Rc2 (30. Re1 Qf3 31. Rh6 Bd4 32. Rh2 Bxf2 33. Qxf2
d2 {leads to a substantial material advantage for Black even though he is
still a rook down!}) 30... dxc2 31. Qxc2 Rxf2+ 32. Qxf2 Qxc3 33. Kg2 Qc4 0-1